|
|
|
|
| LEADER |
01315nam a2200349 i 4500 |
| 001 |
EBC5820161 |
| 003 |
MiAaPQ |
| 005 |
20200708042449.0 |
| 006 |
m o d | |
| 007 |
cr cnu|||||||| |
| 008 |
200708s2020 bcc o 000 0 eng d |
| 020 |
|
|
|a 9781550927252 (e-book)
|
| 035 |
|
|
|a (MiAaPQ)EBC5820161
|
| 035 |
|
|
|a (Au-PeEL)EBL5820161
|
| 035 |
|
|
|a (OCoLC)1134770139
|
| 040 |
|
|
|a MiAaPQ
|b eng
|e rda
|e pn
|c MiAaPQ
|d MiAaPQ
|
| 050 |
|
4 |
|a HM781
|b .G783 2020
|
| 082 |
0 |
|
|a 307
|2 23
|
| 100 |
1 |
|
|a Gruber, James S.,
|d 1950-
|e author.
|
| 245 |
1 |
0 |
|a Building community :
|b twelve principles for a healthy future /
|c James S. Gruber.
|
| 264 |
|
1 |
|a Gabriola Island, British Columbia :
|b New Society Publishers,
|c [2020]
|
| 264 |
|
4 |
|c 2020
|
| 300 |
|
|
|a 1 online resource (354 pages)
|
| 336 |
|
|
|a text
|b txt
|2 rdacontent
|
| 337 |
|
|
|a computer
|b c
|2 rdamedia
|
| 338 |
|
|
|a online resource
|b cr
|2 rdacarrier
|
| 588 |
|
|
|a Description based on print version record.
|
| 590 |
|
|
|a Electronic reproduction. Ann Arbor, MI : ProQuest, 2018. Available via World Wide Web. Access may be limited to ProQuest affiliated libraries.
|
| 650 |
|
0 |
|a Community leadership.
|
| 655 |
|
4 |
|a Electronic books.
|
| 797 |
2 |
|
|a ProQuest (Firm)
|
| 856 |
4 |
0 |
|u https://ebookcentral.proquest.com/lib/matrademy/detail.action?docID=5820161
|z Click to View
|